Statistics for Portal Quiz

Click here to take the quiz!

General Stats

  • This quiz has been taken 170 times
  • The average score is 14 of 20

Answer Stats

HintAnswer% Correct
AI which serves as the main antagonist of the seriesGLaDOS
99%
Mute protagonist of the series, who is tested by the aboveChell
96%
Personality core who accompanies the player in Portal 2Wheatley
93%
Company whose facilities serve as the setting of the seriesAperture Science
91%
Armed obstacle which must be knocked overSentry Turret
91%
Founder of [Answer to question 3]Cave Johnson
90%
Vegetable which plays an important role in Portal 2Potato
86%
Major rival of the above companyBlack Mesa
84%
This phrase became an internet meme; it roughly translates as "Your promised reward is merely a fictitious motivator"The cake is a lie
81%
Deadly substance emitted during the final boss battles of both gamesNeurotoxin
80%
Female assistant of the company's founder, who takes over following his deathCaroline
79%
This item is incinerated at the end of the 17th test chamber in the original gameWeighted Companion Cube
79%
Scientist who leaves behind graffiti messages to assist the playerDoug Rattmann (a.k.a. Rat Man)
67%
Song which plays at the end of the first gameStill Alive
66%
Complete the following angry outburst by the above: "When life gives you lemons...."Don't make lemonade!
54%
Blue mobility gel, which allows the player to bounceRepulsion Gel
43%
Device found at the end of every test chamber, to prevent items from being carried outEmancipation Grill (a.k.a. Fizzler)
41%
Comedian from UK sitcom The Office, who voices the aboveStephen Merchant
41%
Orange mobility gel, which speeds the player upPropulsion Gel
34%
White mobility gel, which makes surfaces Portal-ableConversion Gel
26%

Score Distribution

Percentile by Number Answered

Percent of People with Each Score

Your Score History

You have not taken this quiz